| Tag |
First Indicator |
Second Indicator |
Subfields |
| LEADER |
00000cam a2200000 4500 |
| 001 |
in00000035732 |
| 005 |
20151007062118.0 |
| 008 |
720927s1939 nyuf b 00010 eng u |
| 010 |
|
|
|a 39027722
|
| 035 |
|
|
|a (OCoLC)00418813
|
| 035 |
|
|
|9 AAD3986AM
|
| 040 |
|
|
|c DAY
|d TXA
|d UtOrBLW
|
| 049 |
|
|
|a TXAM
|c [155409]
|
| 050 |
|
0 |
|a NE950
|b .C7
|
| 082 |
0 |
|
|a 769
|
| 092 |
|
|
|a 769
|b C898t
|
| 100 |
1 |
|
|a Craven, Thomas,
|d 1888-1969.
|
| 245 |
1 |
2 |
|a A treasury of American prints :
|b a selection of one hundred etchings and lithographs by the foremost living American artists /
|c edited by Thomas Craven.
|
| 264 |
|
1 |
|a New York :
|b Simon and Schuster,
|c [1939]
|
| 264 |
|
4 |
|c ©1939
|
| 300 |
|
|
|a 8 pages, 100 plates ;
|c 32 cm.
|
| 336 |
|
|
|a text
|b txt
|2 rdacontent
|
| 337 |
|
|
|a unmediated
|b n
|2 rdamedia
|
| 338 |
|
|
|a volume
|b nc
|2 rdacarrier
|
| 500 |
|
|
|a Loose-leaf.
|
| 500 |
|
|
|a Reproductions in aquatone.
|
| 504 |
|
|
|a "Biographical and interpretive notes" on verso of each print.
|
| 541 |
0 |
|
|a Donated by the estate of John Paul & Virginia Burns Abbott, June, 1996.
|
| 650 |
|
0 |
|a Etching, American.
|
| 650 |
|
0 |
|a Lithography, American.
|
| 999 |
|
|
|a MARS
|
| 999 |
f |
f |
|s 78835f22-4a81-3bde-bfae-2362b2518c7a
|i 3ed9f4bd-d934-399f-9a40-051b50a73fcd
|t 0
|
| 952 |
f |
f |
|p noncirc
|a Texas A&M University
|b College Station
|c Cushing Memorial Library & Archives
|d Cushing: Kelsey Americana (Does not check out)
|t 0
|e NE950 .C7 1939
|h Library of Congress classification
|i unmediated -- volume
|
| 952 |
f |
f |
|p storage
|a Texas A&M University
|b J.J. Pickle Campus
|c High Density Repository
|d Remote Storage
|t 0
|e NE950 .C7 1939
|h Library of Congress classification
|i unmediated -- volume
|m A14820168061
|
| 952 |
f |
f |
|p normal
|a Texas A&M University
|b College Station
|c Sterling C. Evans Library
|d Evans: Library Stacks
|t 0
|e NE950 .C7 1939
|h Library of Congress classification
|i unmediated -- volume
|m A14801159702
|
| 998 |
f |
f |
|a NE950 .C7 1939
|t 0
|l Cushing: Kelsey Americana (Does not check out)
|
| 998 |
f |
f |
|a NE950 .C7 1939
|t 0
|l Remote Storage
|
| 998 |
f |
f |
|a NE950 .C7 1939
|t 0
|l Evans: Library Stacks
|